Biblioteca y Centro de Documentación

Integrated strategies for safety and environment (Registro nro. 6430)

Detalles MARC
000 -CABECERA
Longitud fija campo de control 01462nam a2200397 c 4500
001 - NÚMERO DE CONTROL
Número de control 6430
003 - IDENTIFICADOR DE NÚMERO DE CONTROL
Identificador del número de control ES-MaCES
005 - FECHA Y HORA DE LA ÚLTIMA TRANSACCIÓN
Fecha y hora de la última transacción 20150925135232.0
008 - CAMPO FIJO DE DESCRIPCIÓN FIJA--INFORMACIÓN GENERAL
Códigos de información de longitud fija   980202s1997 fr ||| | eng d
020 ## - ISBN (INTERNATIONAL STANDARD BOOK NUMBER)
Número Internacional Normalizado para Libros (ISBN) 926415664X
035 ## - NÚMERO DE CONTROL DEL SISTEMA
Número de control del sistema CES19980064897m
040 ## - FUENTE DE CATALOGACIÓN
Centro catalogador de origen ES-MaCES
Lengua de catalogación spa
Centro transcriptor ES-MaCES
245 00 - MENCIÓN DE TÍTULO
Título Integrated strategies for safety and environment
Mención de responsabilidad, etc. Road Transport Research
246 3# - FORMA VARIANTE DEL TÍTULO
Título propio ; Título en breve Stratégies intégrées de sécurité et d'environnement
260 ## - PUBLICACIÓN, DISTRIBUCIÓN, ETC (PIE DE IMPRENTA)
Lugar de publicación, distribución, etc. Paris
Nombre del editor, distribuidor, etc. Organisation for Economic Co-operation and Development
Fecha de publicación, distribución, etc. cop. 1997
300 ## - DESCRIPCIÓN FÍSICA
Extensión 96 p.
Dimensiones 27 cm
500 ## - NOTA GENERAL
Nota general Publ. también en francés bajo el tít.: Stratégies intégrées de sécurité et d'environnement
504 ## - NOTA DE BIBLIOGRAFÍA, ETC.
Nota de bibliografía, etc. Bibliografía
541 ## - NOTA DE LA FUENTE INMEDIANTE DE ADQUISICIÓN
Forma de adquisición Compra
650 #4 - ASIENTO SECUNDARIO DE MATERIA--TÉRMINO DE MATERIA
Término de materia o nombre geográfico como elemento inicial transporte por carretera
9 (RLIN) 28054
650 #4 - ASIENTO SECUNDARIO DE MATERIA--TÉRMINO DE MATERIA
Término de materia o nombre geográfico como elemento inicial tráfico por carretera
9 (RLIN) 28067
650 #4 - ASIENTO SECUNDARIO DE MATERIA--TÉRMINO DE MATERIA
Término de materia o nombre geográfico como elemento inicial accidente de trabajo
9 (RLIN) 28345
650 #4 - ASIENTO SECUNDARIO DE MATERIA--TÉRMINO DE MATERIA
Término de materia o nombre geográfico como elemento inicial seguridad en el trabajo
9 (RLIN) 28348
650 #4 - ASIENTO SECUNDARIO DE MATERIA--TÉRMINO DE MATERIA
Término de materia o nombre geográfico como elemento inicial política del transporte
9 (RLIN) 28018
650 #4 - ASIENTO SECUNDARIO DE MATERIA--TÉRMINO DE MATERIA
Término de materia o nombre geográfico como elemento inicial política ambiental
9 (RLIN) 29422
650 #4 - ASIENTO SECUNDARIO DE MATERIA--TÉRMINO DE MATERIA
Término de materia o nombre geográfico como elemento inicial protección ambiental
9 (RLIN) 29423
650 #4 - ASIENTO SECUNDARIO DE MATERIA--TÉRMINO DE MATERIA
Término de materia o nombre geográfico como elemento inicial país de la OCDE
9 (RLIN) 29055
650 #4 - ASIENTO SECUNDARIO DE MATERIA--TÉRMINO DE MATERIA
Término de materia o nombre geográfico como elemento inicial estudio de casos
9 (RLIN) 28846
650 #4 - ASIENTO SECUNDARIO DE MATERIA--TÉRMINO DE MATERIA
Término de materia o nombre geográfico como elemento inicial cuadro
9 (RLIN) 29524
653 10 - TÉRMINO DE INDEXACIÓN--NO CONTROLADO
Término no controlado Transporte-Comunicaciones
650 #4 - ASIENTO SECUNDARIO DE MATERIA--TÉRMINO DE MATERIA
9 (RLIN) 30344
Término de materia o nombre geográfico como elemento inicial evaluación del impacto ambiental
710 2# - ENCABEZAMIENTO SECUNDARIO--NOMBRE CORPORATIVO
Nombre de entidad o nombre de jurisdicción como elemento inicial Organización de Cooperación y Desarrollo Económico
Unidad subordinada Road Transport Research
9 (RLIN) 4704
902 ## - CES. TIPO DE DOCUMENTO
Tipodoc (006$c Sirtex) LIB Libro
942 ## - ELEMENTOS KOHA
Fuente de clasificaión o esquema Clasificación propia del CES
Koha [por defecto] tipo de item Monografías
Parte de clasificación 5.2.
Existencias
Número de registro Signatura completa Tipo de item de Koha
023717 DPT-12849 Monografías
© CES, Consejo Económico y Social de España 2021